000 00483nam a2200169Ia 4500
003 OSt
005 20201202130704.0
008 190216s9999||||xx |||||||||||||| ||und||
040 _coclc
082 _a894.8123
_bPUN/S
100 _aPunnassery, Raghavan
_97070
245 0 _aSiithila Manangal /
_cRaghavan Punnassery
260 _bPoorna Pubs,
_c1995.
_aKozhikode:
300 _a182p
650 _aNovel
942 _cBK
_2ddc
_h894.8123
_iPUN/S
_k894.8123
_mPUN/S
999 _c27545
_d27545